00432nam a2200145 a 4500008004100000020001800041050001600059100002600075245007000101260005000171300001000221350000900231650003100240650001500271150824s1998 ||||||||||||||||| || u a9780132625449 aQP 34.5 Mun aMunn, Patricia Placke10aHuman physiology: an integrated approachcby Patricia Placke Munn aUnited States of AmericabPrentice Hallc1998 a506p. a5.04 aHUMAN PHYSIOLOGY--TEXTBOOK aPHYSIOLOGY